Thermodynamics (Record no. 8344)

000 -LEADER
fixed length control field 00603nam a2200217 i 4500
001 - CONTROL NUMBER
control field 8344
003 - CONTROL NUMBER IDENTIFIER
control field BD-DhUET
008 - FIXED-LENGTH DATA ELEMENTS--GENERAL INFORMATION
fixed length control field 770308s1978 nyua b 001 0 eng
020 ## - INTERNATIONAL STANDARD BOOK NUMBER
International Standard Book Number 0023355301
040 ## - CATALOGING SOURCE
Original cataloging agency DLC
Transcribing agency DLC
Modifying agency BD-DhUET
082 ## - DEWEY DECIMAL CLASSIFICATION NUMBER
Classification number 621.01
Item number FAI/1970
100 ## - MAIN ENTRY--PERSONAL NAME
Personal name Faires, Virgil Moring
245 10 - TITLE STATEMENT
Title Thermodynamics
Statement of responsibility, etc. by Virgil Moring Faires and Clifford Max Simmang
250 ## - EDITION STATEMENT
Edition statement 6th ed.
260 ## - PUBLICATION, DISTRIBUTION, ETC. (IMPRINT)
Place of publication, distribution, etc. New York
Name of publisher, distributor, etc. Macmillan
Date of publication, distribution, etc. 1970
300 ## - PHYSICAL DESCRIPTION
Extent xxiii, 647 p.
Other physical details ill.
Dimensions 26 cm.
504 ## - BIBLIOGRAPHY, ETC. NOTE
Bibliography, etc Includes bibliographies
650 #0 - SUBJECT ADDED ENTRY--TOPICAL TERM
Topical term or geographic name as entry element Thermodynamics
700 ## - ADDED ENTRY--PERSONAL NAME
Personal name Simmang, Clifford Max
942 ## - ADDED ENTRY ELEMENTS (KOHA)
Koha item type General Book
Holdings
Piece designation (barcode) Location (home branch) Koha full call number Withdrawn status Damaged status Lost status Not for loan Price effective from Source of classification or shelving scheme Sublocation or collection (holding branch) Date acquired Shelving location Copy number Koha item type Koha date last seen Koha normalized classification for sorting
42943Central Library, BUET621.01/FAI/1978    2015-01-20 Central Library, BUET2015-01-20Circulation section1General Book2015-01-20621_010000000000000_FAI_1978
63135Central Library, BUET621.01 FAI/1970    2024-12-11 Central Library, BUET1985-06-11Rental section৬/ক-১Rental Item2024-12-11621_010000000000000_FAI_1970
63136Central Library, BUET621.01 FAI/1970    2024-12-11 Central Library, BUET1985-06-11Rental section৬/ক-২Rental Item2024-12-11621_010000000000000_FAI_1970
63137Central Library, BUET621.01 FAI/1970    2024-12-11 Central Library, BUET1985-06-11Rental section৬/ক-৩Rental Item2024-12-11621_010000000000000_FAI_1970
63138Central Library, BUET621.01 FAI/1970    2024-12-11 Central Library, BUET1985-06-11Rental section৬/ক-৪Rental Item2024-12-11621_010000000000000_FAI_1970
63139Central Library, BUET621.01 FAI/1970    2024-12-11 Central Library, BUET1985-06-11Rental section৬/ক-৫Rental Item2024-12-11621_010000000000000_FAI_1970
63140Central Library, BUET621.01 FAI/1970    2024-12-11 Central Library, BUET1985-06-11Rental section৬/ক-৬Rental Item2024-12-11621_010000000000000_FAI_1970
63141Central Library, BUET621.01 FAI/1970    2024-12-11 Central Library, BUET1985-06-11Rental section৬/ক-৭Rental Item2024-12-11621_010000000000000_FAI_1970
63142Central Library, BUET621.01 FAI/1970    2024-12-11 Central Library, BUET1985-06-11Rental section৬/ক-৮Rental Item2024-12-11621_010000000000000_FAI_1970
63143Central Library, BUET621.01 FAI/1970    2024-12-11 Central Library, BUET1985-06-11Rental section৬/ক-৯Rental Item2024-12-11621_010000000000000_FAI_1970
63144Central Library, BUET621.01 FAI/1970    2024-12-11 Central Library, BUET1985-06-11Rental section৬/ক-১০Rental Item2024-12-11621_010000000000000_FAI_1970
63145Central Library, BUET621.01 FAI/1970    2024-12-11 Central Library, BUET1985-06-11Rental section৬/ক-১১Rental Item2024-12-11621_010000000000000_FAI_1970
63146Central Library, BUET621.01 FAI/1970    2024-12-11 Central Library, BUET1985-06-11Rental section৬/ক-১২Rental Item2024-12-11621_010000000000000_FAI_1970
63147Central Library, BUET621.01 FAI/1970    2024-12-11 Central Library, BUET1985-06-11Rental section৬/ক-১৩Rental Item2024-12-11621_010000000000000_FAI_1970
63148Central Library, BUET621.01 FAI/1970    2024-12-11 Central Library, BUET1985-06-11Rental section৬/ক-১৪Rental Item2024-12-11621_010000000000000_FAI_1970
63149Central Library, BUET621.01 FAI/1970    2024-12-11 Central Library, BUET1985-06-11Rental section৬/ক-১৫Rental Item2024-12-11621_010000000000000_FAI_1970
63150Central Library, BUET621.01 FAI/1970    2024-12-11 Central Library, BUET1985-06-11Rental section৬/ক-১৬Rental Item2024-12-11621_010000000000000_FAI_1970
63151Central Library, BUET621.01 FAI/1970    2024-12-11 Central Library, BUET1985-06-11Rental section৬/ক-১৭Rental Item2024-12-11621_010000000000000_FAI_1970
63152Central Library, BUET621.01 FAI/1970    2024-12-11 Central Library, BUET1985-06-11Rental section৬/ক-১৮Rental Item2024-12-11621_010000000000000_FAI_1970
63153Central Library, BUET621.01 FAI/1970    2024-12-11 Central Library, BUET1985-06-11Rental section৬/ক-১৯Rental Item2024-12-11621_010000000000000_FAI_1970
63154Central Library, BUET621.01 FAI/1970    2024-12-11 Central Library, BUET1985-06-11Rental section৬/ক-২০Rental Item2024-12-11621_010000000000000_FAI_1970